Aktuálne problémy poistného práva

Diskusia a názory k problematike poistenia a poisťovníctva. Definovanie cieľov vnútorného trhu EÚ v oblasti poisťovníctva s ohľadom na snahu SR integrovať sa do vnútorného trhu EÚ. Definovanie poisťovníctva podľa Bielej knihy ako finančné dojednanie. Stav v slovenskom poisťovníctve koncom 80-tych ro...

Ausführliche Beschreibung

Gespeichert in:
Bibliographische Detailangaben
1. Verfasser: Žáková, Jozefína
Format: Buchkapitel
Sprache:Slowakisch
Schlagworte:
Tags: Tag hinzufügen
Keine Tags, Fügen Sie das erste Tag hinzu!

MARC

LEADER 00000naa a2200000 4500
001 r031540
005 20230728093950.7
041 0 |a slo 
044 |a SK 
245 1 0 |a Aktuálne problémy poistného práva  |c Jozefína Žáková 
520 |a Diskusia a názory k problematike poistenia a poisťovníctva. Definovanie cieľov vnútorného trhu EÚ v oblasti poisťovníctva s ohľadom na snahu SR integrovať sa do vnútorného trhu EÚ. Definovanie poisťovníctva podľa Bielej knihy ako finančné dojednanie. Stav v slovenskom poisťovníctve koncom 80-tych rokov. Princípy právnej úpravy poisťovníctva. Negatíva aktuálnej právnej úpravy. Možnosti poisťovania. Poistné odvetvia životného a neživotného poistenia. 
610 2 0 |a právo poistné 
610 2 0 |a úpravy právne 
610 2 0 |a poisťovníctvo 
610 2 0 |a poistenie životné 
610 2 0 |a poistenie neživotné 
610 2 0 |a trh poistný 
100 1 |a Žáková, Jozefína